000 01324nam0a2200325 4500
001 RU\NLR\BIBL_A\012687512
005 20240227110008.0
010 _a978-5-17-111283-7
_92000
021 _aRU
_bКН-П-21-064087
_9КН-П-21-5040
035 _a(NLR Aleph) 012687512
090 _a12835669
_c12835669
100 _a20220118d2021 u y0rusy50 ca
101 1 _arus
_cnor
102 _aRU
105 _ay z 000ay
181 0 _ai
_baxxe
182 0 _an
200 1 _aМальчик в свете фар
_e[роман]
_fСамюэль Бьорк
_gперевод с норвежского Марии Назаровой
203 _aТекст
_bвизуальный
_cнепосредственный
210 _aМосква
_cАСТ
_cЖанровая литература
_d2021
215 _a446, [1] с.
_d21
225 1 _aСерия "Триллер по-скандинавски"
300 _aНа 4-й с. обл.: Самюэль Бьорк (норв. писатель, драматург и певец Фруде Сандер Эйен)
333 _a18+
686 1 _aШ6(4Нр)67-446{Лх1468-45}
700 1 _7ca
_8rus
_aБьорк
_bС.
_f1969-
_gСамюэль
_9147571
_3RU\NLR\AUTH\770147607
942 _cBOOK
980 _aNB